Money and finance in the Indian economy : (Record no. 50110)

MARC details
000 -LEADER
fixed length control field 01539nam a22003137a 4500
005 - DATE AND TIME OF LATEST TRANSACTION
control field 20110125162724.0
010 ## - LCCN (DPL NO)
LC control number ENG-101960 B-457089
020 ## - INTERNATIONAL STANDARD BOOK NUMBER
International Standard Book Number 9780198070108
Terms of availability 345.00
020 ## - INTERNATIONAL STANDARD BOOK NUMBER
International Standard Book Number 0198070101
Terms of availability 345.00
035 ## - SYSTEM CONTROL NUMBER
System control number EN-85493 B-457089
037 ## - SOURCE OF ACQUISITION
Source of stock number/acquisition DBAD/PUB
037 ## - SOURCE OF ACQUISITION
Source of stock number/acquisition K.K.Pub/Ven
082 ## - DEWEY DECIMAL CLASSIFICATION NUMBER
Classification number 332.4954
100 ## - MAIN ENTRY--PERSONAL NAME
Personal name Rakshit, Mihir
245 ## - TITLE STATEMENT
Title Money and finance in the Indian economy :
Statement of responsibility, etc by Mihir Rakshit
Remainder of title selected papers, volume II /
260 ## - PUBLICATION, DISTRIBUTION, ETC. (IMPRINT)
Place of publication, distribution, etc New Delhi
Name of publisher, distributor, etc Oxford University Press
Date of publication, distribution, etc 2011
270 ## - ADDRESS
Address YMCA Library Building, Jai Singh Road
City New Delhi
Postal code 110001
300 ## - PHYSICAL DESCRIPTION
Extent xi, 293 p. :
Dimensions 24cm (pbk)
Other physical details ill.
490 ## - SERIES STATEMENT
Series statement Oxford collected essays
-- 51452
500 ## - GENERAL NOTE
General note Companion volume to: Macroeconomics of post-reform India. Most essays previously published from the 1980s onwards in Economic and political weekly and Money & finance.
500 ## - GENERAL NOTE
General note Includes bibliographical references and indexes.
650 ## - SUBJECT ADDED ENTRY--TOPICAL TERM
Topical term or geographic name as entry element Monetary policy
Geographic subdivision India.
650 ## - SUBJECT ADDED ENTRY--TOPICAL TERM
Topical term or geographic name as entry element Finance, Public
Geographic subdivision India.
700 ## - ADDED ENTRY--PERSONAL NAME
9 (RLIN) 25586
942 ## - ADDED ENTRY ELEMENTS (KOHA)
Source of classification or shelving scheme Dewey Decimal Classification
Item type English Books
Classification part 332.4954
Call number suffix RAK
Holdings
Withdrawn status Lost status Not for loan Collection code Home library Current library Date acquired Source of acquisition Cost, normal purchase price Full call number Barcode Copy number Cost, replacement price Koha item type
      Non-fiction Central Library Central Library 24/08/2012 K.K.Pub/1642/21.01.2012/19/16.01.2012/03.02.2012 345.00 332.4954 RAK B-457089 1 345.00 English Books
    Not For Loan Non-fiction D.B.Act.Division D.B.Act.Division 25/01/2011 DBAD/PUB 345.00 332.4954 RAK EN-85493 1 345.00 English Books

© Delhi Public Library
Hit Counter
free hit counter